| 000 | 00671nam a2200181Ia 4500 | ||
|---|---|---|---|
| 008 | 190422s9999 xx 000 0 und d | ||
| 100 | _aCurrie, Wendy L | ||
| 245 | _aDialect tension in the finacial markets: A longitudinal study of pre-and post-crisis regulatory technology / | ||
| 245 | _cWendy L. Currie, Daniel P. Gozman and JonathanJ. M. Seddon.-- | ||
| 260 | _bAssociation for Information Technology Trust | ||
| 260 | _c2018 | ||
| 300 | _apages 304-325, December 2018 | ||
| 440 |
_aJournal of Information Technology _v33(4) |
||
| 650 | _aCompliance System | ||
| 650 | _aFinancial Crisis | ||
| 650 | _aFinancial Technology | ||
| 650 | _aRegulatory Technology | ||
| 999 |
_c361459 _d361459 |
||